| 000 | 00529nam a22002057a 4500 | ||
|---|---|---|---|
| 005 | 20230412101904.0 | ||
| 008 | 230330b |||||||| |||| 00| 0 eng d | ||
| 020 | _a9781846047251 | ||
| 040 |
_aCBULib _cCBULib |
||
| 041 | _aeng | ||
| 050 | _aBF 778 Fra | ||
| 100 | _aFrankl, Victor E. | ||
| 245 |
_aYes to life : in spite of everything _c/ by Viktor E. Frankl |
||
| 260 |
_aLondon : _bRider, _c2019. |
||
| 300 | _a141 pages | ||
| 600 | _aFRANKL, VIKTOR E | ||
| 650 | _aPSYCHOLOGY | ||
| 650 | _aRESILIENCE | ||
| 942 | _c002 | ||
| 999 |
_c75609 _d75609 |
||